000 01193cam a2200301 a 4500
005 20161128092634.0
008 081008t 2005ck abfo rc 000 0 spa d
020 _a9583358797
040 _aCO-BoPUJ
_cCO-BoIAVH
_dCO-BoIAVH
041 0 _aspa
044 _ack
082 0 4 _a597.928
_bT71m
245 0 0 _aTortugas marinas
_bneotropicales /
_ceditor José Vicente Rueda Almonacid...[y otros 5]
260 _aBogotá :
_bConservación Internacional,
_cc2005.
300 _a88 páginas, [20 páginas sin numerar]
_bilustraciones, fotos a color, láminas y mapas ;
_c14 x 9 cm.
490 0 _aSerie Libretas de Campo ;
_v1
504 _aIncluye referencias bibliográficas.
650 1 6 _aTortugas
_zAmérica Latina
650 2 6 _aTortugas marinas
_zAmérica Latina
650 2 6 _aConservación biológica
_zAmérica Latina
700 1 _aRueda-Almonacid, José Vicente
_eeditor
700 1 _aRodríguez Mahecha, José Vicente
_eeditor
700 1 _aRueda, José Nicolás
_eeditor
700 1 _aMast, Roderic B.
_eeditor
700 1 _aGonzález Hernández, Andrés
_eeditor
700 1 _aAmorocho, Diego
_eeditor
942 _2ddc
_cLIBRO
999 _c19145
_d19145